Pomorskie - prawda czy fałsz? - Statystyki

Ogólne statystyki
  • Ten quiz został rozwiązany 141 razy
    3 od ostatniego zresetowania
  • Średni wynik to 9 z 15
Statystyki odpowiedzi
Zagadnienie Odpowiedź % Poprawnych
Trójmiasto razem ma ponad 1 milion mieszkańców Fałsz
100%
Graniczy z 3 województwami Fałsz
100%
Sopot to miasto na prawach powiatu z najmniejszą liczbą mieszkańców Prawda
100%
Na Helu jest Fokarium Prawda
100%
Najmniejszym miastem jest Krynica Morska Prawda
100%
Przepływa tutaj i Wisła i wpada do Bałtyku Prawda
100%
Kaszubi znajdują się na południu województwa Fałsz
67%
Pomorskie jest większe od Zachodniopomorskiego Fałsz
67%
Powiat Bytowski to największy powiat w województwie Prawda
67%
Posiada najwięcej jezior Prawda
33%
Sąsiaduje z innym państwem Prawda
33%
Beata Rutkiewicz to wojewoda Pomorskiego Prawda
33%
Najgłębsze jezioro to Łebsko Fałsz
0%
Posiada Tyle Powiatów ile jest województw Fałsz
0%
Najbardziej ruchliwa droga przebiegająca przez województwo to A1 Fałsz
0%
Nie znaleziono quizów pasujących do podanych kryteriów
Rozkład punktacji
Procent ludzi z każdym wynikiem
Percentyl według liczby udzielonych odpowiedzi
Twoja historia wyników
Nie rozwiązałeś tego quizu od ostatniego zresetowania